000 01015nmm a2200313 a 4500
001 ocm000955350
003 TR-IsHL
005 20201028150444.0
008 150110s2014 tu eng
007 cr cn
020 _a9781503036482
035 _a955350
_b(N$T)
050 0 4 _aPR6025.C55
_bE94 2014
090 0 4 _aPR6025.C55
_bE94 2014
100 1 _aMcKimmey, James
245 1 0 _aThe eyes have it
_h[electronic resource] /
_cJames McKimmey ; illustrated by Murat Ukray, Paul Orban
260 _aİstanbul :
_bE-Kitap Projesi,
_c2014
300 _a26 p.
650 4 _aDil ve Edebiyat
650 4 _aLanguage and Literature
650 0 _aBilimkurgu romanı
650 0 _aScience fiction
650 0 _aKısa hikayeler
650 0 _aShort stories
650 7 _aLITERARY COLLECTIONS / European / English, Irish, Scottish, Welsh
_2bisacsh
700 1 _aUkray, Murat
700 1 _aOrban, Paul
856 4 0 _uhttp://search.ebscohost.com/login.aspx?direct=true&scope=site&db=e011xww&AN=955350
999 _c10481
_d10481